000 00624nam a2200193 i 4500
001 93812
003 ES-MaACL
005 20250815115226.0
007 t|
008 050420s1930 mx ||||1| spa d
100 1 _aLópez Lira, José.
_973726
245 1 3 _aLa medicina veterinaria moderna /
_cJosé López Lira.
260 _aMéxico :
_b[s.n.],
_c1930 (
_eImp. Madrid)
300 _a20 p. :
_bil. ;
_c23 cm.
500 _aPrecede al tít.: Universidad Nacional de México Autonoma. Facultad de Medicina Veterinaria.
650 7 _aVeterinaria
_2embne
_9138773
852 _aES-MaACL
_j1775-F-9
999 _c93812
_d93812